02304naa a2200205 a 450000100080000000500110000800800410001910000170006024501500007726000090022752015440023665300140178065300160179465300230181070000160183370000190184970000190186870000170188777301940190411248482016-02-17 2015 bl uuuu u00u1 u #d1 aALVES, M. V. aINFLU??NCIA DA ADUBA????O NITROGENADA NO TEOR DE NUTRIENTES DAS FOLHAS E COLMO DA CANA-DE-A????CAR E NA SUA PRODUTIVIDADE.h[electronic resource] c2015 aA aduba????o nitrogenada se faz necess??ria para um aumento da produtividade, haja vista a baixa fertilidade natural dos solos brasileiros e a alta retirada de nutrientes pela cultura. A cana-de-a????car vem conquistando a cada ano mais espa??o no cen??rio nacional; em parte esse aumento na produ????o se deve aos produtos obtidos a partir da cana, como o ??lcool e o a????car. Com este estudo se buscou observar se a varia????o na dosagem de nitrog??nio influencia no teor de nutrientes da cultura e em sua produtividade. O experimento foi realizado em uma propriedade rural na cidade de Santa Rosa de Lima, SC. O delineamento experimental foi de blocos ao acaso com quatro repeti????es, e os tratamentos foram: 1) Testemunha (sem nitrog??nio); 2) 35 kg de N ha-1; 3) 70 kg de N ha-1; 4) 105 kg de N ha-1; e, 5) 140 kg de N ha-1. Os dados foram submetidos ?? an??lise de vari??ncia por meio do programa R e, quando significativos, foi aplicada regress??o com ajuste da melhor equa????o. Os nutrientes avaliados no colmo da cana-de-a????car n??o apresentaram diferen??as significativas em raz??o do aumento das doses de nitrog??nio; geralmente, esse aumento somente ocorre a partir do segundo corte da cana-de-a????car. As folhas tiveram uma melhor rela????o com a aduba????o em rela????o ao aumento das doses de nitrog??nio, apresentando melhores valores nutricionais do que no colmo. A aduba????o nitrogenada resultou em um aumento da produtividade da primeira soca, conferindo melhor vigor das plantas de cana-de-a????car at?? o corte. aGrau Brix aNitrog??nio aSaccarum offinarum1 aNESI, C. N.1 aFOLETTO, J. G.1 aCRUZ, D. C. A.1 aMARIN, D. B. tIn: SEMIN??RIO DE INICIA????O CIENTIFICA, 21.,SEMIN??RIO INTEGRADO DE ENSINO PESQUISA E EXTENS??O, 8., MOSTRA UNIVERSIT??RIA., 6., 2015, Videira. Anais... Joa??aba: Unoesc & Ci??ncia, 2015.